[Event "EU-ch 2nd"]
[Site "Ohrid"]
[Date "2001.06.05"]
[Round "5"]
[White "Gdanski, Jacek"]
[Black "Azmaiparashvili, Zurab"]
[Result "1/2-1/2"]
[WhiteElo "2528"]
[BlackElo "2670"]
[PlyCount "120"]
[EventDate "2001.06.01"]
[Source "ChessBase"]
[SourceDate "2001.09.13"]

1. e4 d6 2. d4 Nf6 3. Nc3 c6 4. f3 Qb6 5. Bc4 e5 6. Nge2 exd4 7. Nxd4 d5 8. exd5 Bc5 9. Qe2+ Kd8 10. Nb3 Re8 11. Ne4 cxd5 12. Nbxc5 dxe4 13. Nxe4 Be6 14. Bxe6 Rxe6 15. Be3 Qa5+ 16. Bd2 Qa6 17. Bg5 Qxe2+ 18. Kxe2 Nbd7 19. Kf2 Rc8 20. c3 h6 21. Bxf6+ Nxf6 22. Rad1+ Ke7 23. Nxf6 Kxf6 24. Rhe1 Ra6 25. a3 Rb6 26. Re2 Rcc6 27. Rd4 a5 28. Ke1 g5 29. Kd1 Rd6 30. Rxd6+ Rxd6+ 31. Kc2 h5 32. b4 axb4 33. axb4 h4 34. c4 Rd8 35. c5 h3 36. gxh3 Rh8 37. Kc3 Rxh3 38. Kc4 Rxf3 39. b5 Rf1 40. c6 Rc1+ 41. Kd5 bxc6+ 42. bxc6 g4 43. Re4 Rd1+ 44. Kc5 Rc1+ 45. Kb6 Rb1+ 46. Kc7 Rc1 47. Kb7 Rb1+ 48. Kc8 Rb2 49. Rxg4 Rxh2 50. c7 Ke5 51. Rg8 f5 52. Kd7 Rh7+ 53. Kc6 Rxc7+ 54. Kxc7 f4 55. Rf8 Ke4 56. Kd6 f3 57. Ke6 Ke3 58. Kf5 f2 59. Kg4 Ke2 60. Re8+ Kd2 1/2-1/2

[Event "Imperia"]
[Site "?"]
[Date "1993.??.??"]
[Round "?"]
[White "Tiviakov, S."]
[Black "Piskov, Y."]
[Result "0-1"]
[WhiteElo "2635"]
[BlackElo "2550"]
[PlyCount "70"]
[EventDate "1993.??.??"]
[Source "ChessBase"]
[SourceDate "1993.06.01"]

1. e4 d6 2. d4 Nf6 3. Nc3 c6 4. f4 Qa5 5. Bd3 e5 6. Nf3 Nbd7 7. Be3 Be7 8. Qd2 Qc7 9. O-O-O O-O 10. Ne2 Re8 11. h3 exd4 12. Bxd4 c5 13. Bxf6 Bxf6 14. c3 c4 15. Bc2 Nc5 16. Ng3 Qa5 17. Kb1 g6 18. Qxd6 Re6 19. Qd2 Ra6 20. a3 Rb6 21. Ka2 Bd7 22. Nd4 Ba4 23. Nge2 Rd8 24. e5 Be7 25. Rhg1 Nb3 26. Qe3 Nxd4 27. Nxd4 Rxd4 28. Bxa4 Qxa4 29. cxd4 Rb3 30. Qc1 c3 31. d5 cxb2 32. Qc8+ Kg7 33. Kb1 Qxa3 34. d6 Qa1+ 35. Kc2 b1=Q+ 0-1

[Event "TCh-CHN Men, Suzhou, Jiangsu CHN"]
[Site "?"]
[Date "2001.??.??"]
[Round "10"]
[White "Yu Shaoteng"]
[Black "Zhang Zhong"]
[Result "1/2-1/2"]
[WhiteElo "2490"]
[BlackElo "2605"]
[PlyCount "247"]
[EventDate "2001.??.??"]
[Source "www.chesslib.no"]
[SourceDate "2004.05.04"]

1. e4 d6 2. d4 Nf6 3. Nc3 c6 4. a4 Qa5 5. Bd2 Qc7 6. Bg5 h6 7. Bh4 Nbd7 8. Be2 e5 9. Nf3 Be7 10. O-O Nf8 11. dxe5 dxe5 12. Bg3 Ng6 13. Bc4 Nh7 14. Nd4 O-O 15. Qh5 Nf4 16. Bxf4 exf4 17. e5 Ng5 18. Rfe1 Rd8 19. Nf3 Be6 20. Bd3 Qd7 21. Nxg5 Bxg5 22. Qe2 Qd4 23. Rad1 Qc5 24. Qh5 Rd4 25. Ne4 Qxe5 26. Nxg5 Qxg5 27. Qxg5 hxg5 28. Bh7+ Kxh7 29. Rxd4 Kg6 30. a5 c5 31. Rd6 Rc8 32. Red1 Kf6 33. Rd8 Rc7 34. Ra8 a6 35. Rad8 c4 36. R8d6 Ke5 37. Rb6 Bd5 38. Re1+ Kf5 39. Rd6 Rc5 40. Ra1 Ke5 41. Rd8 Kf6 42. Rd6+ Ke5 43. Rb6 g4 44. b4 cxb3 45. cxb3 Rc2 46. Re1+ Kf5 47. Rb4 Rd2 48. Rb6 Bc6 49. b4 Rc2 50. Rb1 g5 51. Rf1 Ke5 52. Re1+ Kd6 53. Rd1+ Kc7 54. Re1 f5 55. Rb1 g3 56. hxg3 fxg3 57. fxg3 Rxg2+ 58. Kf1 Rxg3 59. Kf2 Rg2+ 60. Ke3 f4+ 61. Kd4 g4 62. Rf1 f3 63. Ke3 Rc2 64. Kf4 Bb5 65. Rh1 Bc6 66. Rh7+ Kd6 67. Kxg4 f2 68. Rf7 Ke6 69. Rf8 Ke7 70. Rf5 Bg2 71. b5 axb5 72. Rbxb5 Ra2 73. Kg3 f1=Q 74. Rxf1 Bxf1 75. Rxb7+ Kd6 76. Ra7 Ra4 77. Kf2 Bb5 78. Ke3 Kd5 79. Ra8 Ke5 80. Kd2 Kd5 81. Rd8+ Kc5 82. Ra8 Ra3 83. Kc2 Kc4 84. Kb2 Kb4 85. a6 Bxa6 86. Rb8+ Ka4 87. Rb6 Bc4 88. Rc6 Rb3+ 89. Kc2 Kb5 90. Rc8 Rh3 91. Kd2 Bd5 92. Rc3 Rh4 93. Ke3 Bc4 94. Rc1 Kc5 95. Rd1 Bd5 96. Rg1 Re4+ 97. Kd3 Rf4 98. Rc1+ Kd6 99. Re1 Bc4+ 100. Ke3 Ke5 101. Rh1 Be6 102. Rh5+ Bf5 103. Rh8 Ra4 104. Re8+ Be6 105. Rd8 Bf7 106. Rd7 Ra3+ 107. Rd3 Ra7 108. Rd8 Bg6 109. Rg8 Ra3+ 110. Kd2 Be4 111. Rb8 Rh3 112. Rb5+ Kf4 113. Rb4 Rg3 114. Rc4 Rb3 115. Rd4 Rb8 116. Ra4 Rc8 117. Ra2 Rd8+ 118. Kc3 Ke3 119. Ra4 Rd1 120. Ra3 Rc1+ 121. Kb2+ K 2 122. Rb3 Rc7 123. Rb4 Bd5 124. Rd4+ 1/2-1/2

[Event "Lloyds"]
[Site "London Lloyds"]
[Date "1992.??.??"]
[Round "?"]
[White "Arkell, Keith C"]
[Black "Adams, Michael"]
[Result "0-1"]
[WhiteElo "2460"]
[BlackElo "2590"]
[PlyCount "57"]
[EventDate "1992.??.??"]
[Source "www.chesslib.no"]
[SourceDate "2004.05.04"]

1. e4 d6 2. d4 Nf6 3. Nc3 c6 4. f4 Qa5 5. Bd3 e5 6. Nf3 Bg4 7. fxe5 dxe5 8. Be3 Nbd7 9. O-O exd4 10. Bxd4 Bc5 11. Ne2 Bxd4+ 12. Nexd4 O-O-O 13. b4 Qxb4 14. Rb1 Qxd4+ 15. Nxd4 Bxd1 16. Rfxd1 Ne5 17. Nf5 g6 18. Nh6 Ng8 19. Nxg8 Rhxg8 20. Rb3 Rd4 21. Rdb1 b6 22. Kf2 Rgd8 23. Ke3 Kb7 24. Ra3 R8d7 25. Ba6+ Kb8 26. Be2 Nc4+ 27. Bxc4 Rxc4 28. Rd3 Re7 29. Ke2 0-1

[Event "I Torneo Iberoamericano"]
[Site "Ayamonte"]
[Date "2004.11.13"]
[Round "3.4"]
[White "Zambrana, Oswaldo"]
[Black "Felgaer, Ruben"]
[Result "0-1"]
[WhiteElo "2472"]
[BlackElo "2569"]
[PlyCount "86"]
[EventDate "2004.11.11"]
[Source "Roberto Alvarez"]
[SourceDate "2004.11.22"]

1. e4 d6 2. d4 Nf6 3. Nc3 c6 4. Nf3 Bg4 5. h3 Bh5 6. Bd3 e6 7. Be3 d5 8. Qe2 Bb4 9. exd5 cxd5 10. O-O Nc6 11. Nb1 O-O 12. c3 Bd6 13. g4 Nxg4 14. hxg4 Bxg4 15. Nbd2 f5 16. Bg5 Qd7 17. Rfe1 Rae8 18. Qf1 Qf7 19. Qg2 Qh5 20. Qh1 Qg6 21. Qg2 Qh5 22. Qh1 h6 23. Qxh5 Bxh5 24. Bh4 f4 25. Kh1 g5 26. Rg1 Kf7 27. Nxg5+ hxg5 28. Rxg5 Rh8 29. Rag1 Ne7 30. Rg7+ Kf8 31. Bh7 Nf5 32. Rg8+ Kf7 33. Rxh8 Rxh8 34. Bxf5 exf5 35. Kg2 Be2 36. Rh1 Rg8+ 37. Kh3 f3 38. a4 Rh8 39. b3 Bf4 40. Nb1 Bd3 41. Na3 Bd6 42. Nb5 Be7 43. Kg3 a6 0-1

[Event "Ponferrada op"]
[Site "?"]
[Date "1991.??.??"]
[Round "?"]
[White "Martin Gonzalez Angel"]
[Black "Krasenkow Michal"]
[Result "1/2-1/2"]
[WhiteElo "2445"]
[BlackElo "2570"]
[PlyCount "122"]
[EventDate "1991.??.??"]
[Source "www.chesslib.no"]
[SourceDate "2004.05.04"]

1. e4 d6 2. d4 Nf6 3. Nc3 c6 4. f4 Qa5 5. Bd3 e5 6. Nf3 Bg4 7. dxe5 dxe5 8. fxe5 Nfd7 9. Bf4 Bb4 10. O-O O-O 11. Nd5 cxd5 12. exd5 Be7 13. h3 Bxf3 14. Rxf3 g6 15. c4 Na6 16. Kh1 Rae8 17. a3 Qd8 18. Qd2 Bc5 19. Re1 Bd4 20. e6 fxe6 21. Bxg6 hxg6 22. Qxd4 e5 23. Qe4 Kh7 24. Rg3 Rf5 25. Bd2 Qb6 26. Qh4+ Kg8 27. b4 Qf6 28. Bg5 Qf7 29. Kh2 Qh7 30. Qe4 Nf6 31. Bxf6 Rxf6 32. c5 Nb8 33. Rg5 Nd7 34. Re3 Qf7 35. Reg3 Nf8 36. d6 Rf4 37. Qe2 e4 38. b5 Qe6 39. Qe3 Rf7 40. R5g4 b6 41. cxb6 axb6 42. Qxb6 Rd7 43. Qe3 Rxd6 44. a4 Rd3 45. Qxe4 Qxe4 46. Rxe4 Rxe4 47. Rxd3 Rxa4 48. Rb3 Ra7 49. Kg3 Kf7 50. Kf4 Ne6+ 51. Ke5 Ke7 52. Kd5 Kd7 53. Ke5 Ke7 54. Rb2 Rd7 55. h4 Nc5 56. Rc2 Nd3+ 57. Ke4 Nb4 58. Rc5 Ke6 59. b6 Rb7 60. Rg5 Kf6 61. Rb5 Nc6 1/2-1/2

[Event "BEL-ch op"]
[Site "?"]
[Date "2000.??.??"]
[Round "6"]
[White "Vandenbussche Thibaut"]
[Black "Deketelaere Francky"]
[Result "0-1"]
[WhiteElo "2500"]
[BlackElo "2500"]
[PlyCount "64"]
[EventDate "2000.??.??"]
[Source "www.chesslib.no"]
[SourceDate "2004.05.04"]

1. e4 d6 2. d4 Nf6 3. Nc3 c6 4. f4 Qa5 5. Bd2 e5 6. Nd5 Qd8 7. Nxf6+ Qxf6 8. dxe5 dxe5 9. Qf3 exf4 10. O-O-O Bd6 11. Ne2 Be5 12. Nc3 Be6 13. Bd3 Nd7 14. h4 h5 15. Be2 Bg4 16. Qd3 b5 17. Bxg4 hxg4 18. Be3 Qe6 19. Bd4 f6 20. Kb1 Nb6 21. Bxe5 fxe5 22. h5 Ke7 23. Qe2 Rad8 24. Rh4 Rxd1+ 25. Qxd1 g3 26. Rg4 Rh7 27. b3 Nd7 28. Rg5 Nf6 29. Rg6 Qf7 30. Qd3 Rxh5 31. Rg4 Nxg4 32. Nxb5 cxb5 0-1

[Event "Cup (Cr"]
[Site "?"]
[Date "1999.??.??"]
[Round "1"]
[White "Palac Mladen"]
[Black "Kosanski Stanko"]
[Result "1-0"]
[WhiteElo "2589"]
[BlackElo "2409"]
[PlyCount "34"]
[EventDate "1999.??.??"]
[Source "www.chesslib.no"]
[SourceDate "2004.05.04"]

1. e4 d6 2. d4 Nf6 3. Nc3 c6 4. f4 Qa5 5. e5 Nd5 6. Bd2 Qb6 7. Nf3 Bg4 8. Be2 e6 9. Na4 Qc7 10. c4 Ne7 11. Nh4 Bxe2 12. Qxe2 g6 13. O-O d5 14. Be3 Nd7 15. Rac1 h5 16. g3 Qd8 17. Rfe1 a6 1-0